[8 Haziran 2015 köşe yazarları] (Record no. 1333)

MARC details
000 -BAŞLIK
Sabit Uzunlukta Kontrol Alanı 01167na a2200313 4500
001 - KONTROL NUMARASI
Denetim Alanı 22713
003 - KONTROL NUMARASI IDENTIFIER
Denetim Alanı MIRAKIL
005 - SON İŞLEM TARİHİ VE ZAMANI
Denetim Alanı 20181213154819.0
008 - SABİT-BOY VERİ ELEMANLARI - GENEL BİLGİLER
Sabit Uzunlukta Kontrol Alanı 170223b tu 000 0
040 ## - KATALOGLAMA KAYNAK
Orijinal Kataloglama Ajansı Milas
Kataloglama Dili tur
Metne Dönüştürmek Ajansı TR-AnCHP
041 ## - DİL KODU
Metin / Ses Parça Veya Ayrı Başlığın Dil Kodu tur
082 ## - DEWEY ONLU SINIFLANDIRMA NUMARASI
Sınıflandırma Numarası CHP 324.2
Ürün Numarası S34 2015
090 ## - SINIFLAMA NUMARASI
Sınıflama Numarası CHP 324.2 S34 2015
091 ## - MICROFILM RAF YER (AM) [OBSOLETE]
Mikrofilm Raf Yeri RAPORLAR-Seçme makaleler
245 ## - BAŞLIK TABLOSU
Başlık [8 Haziran 2015 köşe yazarları]
Başlığın Kalan [gazete küpürleri]
Sorumluluk Tablosu, Vb [derleyen] CHP Kütüphanesi
246 ## - UNVAN FORM VARYING
Başlık Doğru / Kısa Başlığı Köşe yazarları ve köşe yazıları
246 ## - UNVAN FORM VARYING
Başlık Doğru / Kısa Başlığı 8 Haziran 2015 köşe yazarları ve köşe yazıları
300 ## - FİZİKSEL TANIM
Kapsam klasör
500 ## - GENEL NOT
Genel Not Seçim, CHP ve Kılıçdaroğlu hakkında yazan köşe yazarlarının yazıları
600 ## - KONU KATMA GİRİŞ - KURUMSAL ADI
Kişisel Ad Kılıçdaroğlu, Kemal
Genel Alt Bölümü Köşe yazıları
610 ## - KONU KATMA GİRİŞ - TOPLANTI ADI
Giriş Elemanı Olarak Kurumsal Ad Veya Yargı Alanı Adı CHP
Genel Alt Bölüm Köşe yazıları
650 ## - KONU KATMA GİRİŞ - TOPİKAL DÖNEM
Topikal Süreli Veya Coğrafi Ad Giriş Elemanı Köşe yazarları
Genel Alt Bölümü Eleştiriler ve yorumlar
Coğrafi Alt Bölümü Türkiye
650 ## - KONU KATMA GİRİŞ - TOPİKAL DÖNEM
Topikal Süreli Veya Coğrafi Ad Giriş Elemanı Siyaset ve yönetim
Genel Alt Bölümü Köşe yazıları
Coğrafi Alt Bölümü Türkiye
650 ## - KONU KATMA GİRİŞ - TOPİKAL DÖNEM
Topikal Süreli Veya Coğrafi Ad Giriş Elemanı Siyasal partiler
Genel Alt Bölümü Köşe yazıları
650 ## - KONU KATMA GİRİŞ - TOPİKAL DÖNEM
Topikal Süreli Veya Coğrafi Ad Giriş Elemanı Seçimler, 2015
Genel Alt Bölümü Köşe yazıları
740 ## - KATMA GİRİŞ - KONTROLSUZ İLGİLİ / ANALİTİK BAŞLIK
Kontrol Edilmeyen / İlgili Analitik Başlıktaki 8 Haziran 2015 köşe yazarları ve köşe yazıları]
942 ## - EKLENDİ GİRİŞ ELEMANLARI (KOHA)
Sınıflandırma Veya Raf Düzeni Kaynak Dewey Decimal Classification
Koha Öğesi Türü Books
999 ## - SİSTEM KONTROL NUMARALARI (KOHA)
Koha Biblionumber 1333
Koha Biblioitemnumber 1333
Holdings
Kalıcı Konum Mevcut Konum Edinme Tarihi Edinim Kaynak Seri Numaralandırma / Kronolojik Toplam Check-Out'Lar Tam Çağrı Numarası Barkod Tarih Son Görülme İtibaren Geçerli Fiyatlar Sigara Kamu Notu Koha Öğesi Türü
CHP Kütüphanesi CHP Kütüphanesi 02/23/2017 Bağış c.3   CHP 324.2 S34 2015 016345 02/23/2017 02/23/2017 Klasör Books